| 000 | 00397nam a22001697a 4500 | ||
|---|---|---|---|
| 005 | 20180209132712.0 | ||
| 008 | 160905b xxu||||| |||| 00| 0 eng d | ||
| 020 | _a978-0-07-133181-4 | ||
| 041 | _aeng | ||
| 082 | _a006.78 | ||
| 100 |
_avaughan,Tay _93506 |
||
| 245 | _aMultimedia making It Work | ||
| 260 |
_bTMH _c2011 |
||
| 300 | _a449 | ||
| 650 |
_aInformation Technology _9137 |
||
| 942 | _cBK | ||
| 999 |
_c5205 _d5203 |
||